| 000 | 00479nam a2200193Ia 4500 | ||
|---|---|---|---|
| 005 | 20240823051146.0 | ||
| 008 | 240823s9999||||xx |||||||||||||| ||und|| | ||
| 020 | _a978-81-8489-012-9 | ||
| 041 | _aENGLISH | ||
| 082 | _A510 P8 | ||
| 100 | _aIan Anderson | ||
| 245 | 2 | _aA First Course in Discrete Mathematics | |
| 250 | _a1st | ||
| 260 |
_c2008 _bSpringer International Ed |
||
| 500 | _aTRANSFERED | ||
| 650 |
_aMathematics _bMathematics |
||
| 942 | _cBK | ||
| 999 |
_c218930 _d218930 |
||